Statistics for Russell Westbrook All 42 Triple Double

Click here to take the quiz!

General Stats

  • This quiz has been taken 986 times
  • The average score is 34 of 42

Answer Stats

#DateTeamPTSREBAST% Correct
2824 Feb.Los Angeles Lakers171817
94%
230 Oct.Los Angeles Lakers331216
94%
2118 Jan.Golden State Warriors271513
92%
3626 Mar.Houston Rockets391113
92%
129 Dec.Houston Rockets271010
92%
1423 Dec.Boston Celtics451111
87%
1631 Dec.Los Angeles Clippers171214
86%
418 Nov.Brooklyn Nets301113
84%
3314 Mar.Brooklyn Nets251219
84%
1527 Dec.Miami Heat291711
84%
269 Feb.Cleveland Cavaliers391211
83%
2429 Jan.Cleveland Cavaliers201210
83%
429 Apr.Denver Nuggets501610
82%
625 Nov.Denver Nuggets361218
82%
177 Jan.Denver Nuggets321711
82%
414 Apr.Milwaukee Bucks121313
82%
3727 Mar.Dallas Mavericks371310
81%
128 Oct.Phoenix Suns511310
81%
1317 Dec.Phoenix Suns261122
81%
319 Mar.San Antonio Spurs231313
81%
3931 MarSan Antonio Spurs321512
81%
930 Nov.Washington Wizards351411
81%
828 Nov.New York Knicks271814
80%
2715 Feb.New York Knicks381412
80%
3522 Mar.Philadelphia 76ers181114
80%
2015 Jan.Sacramento Kings361110
79%
313 Nov.Orlando Magic411216
78%
3829 Mar.Orlando Magic571311
78%
3416 Mar.Toronto Raptors241016
77%
402 Apr.Charlotte Hornets401310
75%
520 Nov.Indiana Pacers311115
75%
1913 Jan.Minnesota Timberwolves211211
75%
3211 Mar.Utah Jazz331114
75%
3028 Feb.Utah Jazz431110
75%
2223 Jan.Utah Jazz381010
75%
115 Dec.Atlanta Hawks321312
74%
726 Nov.Detroit Pistons171315
74%
2926 Feb.New Orleans Pelicans411111
74%
104 Dec.New Orleans Pelicans281712
74%
2325 Jan.New Orleans Pelicans271210
74%
253 Feb.Memphis Grizzlies381312
73%
1811 Jan.Memphis Grizzlies241312
73%

Score Distribution

Percentile by Number Answered

Percent of People with Each Score

Your Score History

You have not taken this quiz